| 000 | 00462nam a2200157Ia 4500 | ||
|---|---|---|---|
| 003 | IN-BaIIA | ||
| 005 | 20250703165427.0 | ||
| 008 | 211028s9999 xx 000 0 eng d | ||
| 040 | _cIIA Library | ||
| 080 |
_a083.550.38 _bIAGA-15B |
||
| 110 |
_aFrance. Association De Gestion _93936 |
||
| 245 | 0 |
_aProblems de la Physique de la Haute Atmophere _cAssociation De Gestion |
|
| 260 |
_aParis _c1956 |
||
| 650 |
_aAstrophysics and Astronomy _93937 |
||
| 942 |
_cBK _2ddc |
||
| 999 |
_c2158 _d2158 |
||